| 000 | 01356cam a2200361 a 4500 | ||
|---|---|---|---|
| 001 | 15666744 | ||
| 005 | 20140930134358.0 | ||
| 008 | 090319s2009 caua b 001 0 eng | ||
| 010 | _a 2009010942 | ||
| 015 |
_aGBA949835 _2bnb |
||
| 016 | 7 |
_a015261610 _2Uk |
|
| 020 | _a9781412966443 (cloth) | ||
| 020 | _a1412966442 (cloth) | ||
| 020 | _a9781412966450 (pbk.) | ||
| 020 | _a1412966450 (pbk.) | ||
| 035 | _a(OCoLC)ocn299709414 | ||
| 040 |
_aDLC _cDLC _dBTCTA _dYDXCP _dUKM _dC#P _dCDX _dBWX _dIAY _dDLC |
||
| 050 | 0 | 0 |
_aLB 1027.5 _b.P3197 2009 |
| 082 | 0 | 0 | _a371.4/25 |
| 100 | 1 | _aParsons, Richard D. | |
| 245 | 1 | 0 |
_aThinking and acting like a solution-focused school counselor / _cRichard D. Parsons. |
| 260 |
_aThousand Oaks, Calif. : _bCorwin, _cc2009. |
||
| 300 |
_axi, 147 pages : _billustrations ; _c26 cm. |
||
| 490 | 1 | _aTransforming theory into practice | |
| 504 | _aIncludes bibliographical references (p. 143-144) and index. | ||
| 650 | 0 | _aEducational counseling. | |
| 650 | 0 |
_aEducational counseling _xVocational guidance. |
|
| 650 | 0 | _aSolution-focused therapy for children. | |
| 830 | 0 | _aTransforming theory into practice. | |
| 906 |
_a7 _bcbc _corignew _d1 _eecip _f20 _gy-gencatlg |
||
| 942 |
_2lcc _cBK _kFOR |
||
| 999 |
_c275957 _d275957 |
||